NRL Logo Quiz Original 10 (1960s) - Statistics

General Stats
  • This quiz has been taken 52 times
  • The average score is 10 of 10
Answer Stats
Picture Answer % Correct
Balmain Tigers
100%
Canterbury-Bankstown Bulldogs
100%
Manly-Warringah Sea Eagles
100%
Newtown Jets
100%
North Sydney Bears
100%
Parramatta Eels
100%
South Sydney Rabbitohs
100%
Eastern Suburbs Roosters
97%
St. George Dragons
97%
Western Suburbs Magpies
89%
No matching quizzes found
Score Distribution
Percent of People with Each Score
Percentile by Number Answered
Your Score History
You have not taken this quiz